[Event "Titled Tuesday intern op 26th Nov Late"]
[Site "Chess.com INT"]
[Date "2024.11.26"]
[Round "11"]
[White "Jonnalagadda, Vishnusankar"]
[Black "Moral Garcia, Serafin"]
[Result "0-1"]
[WhiteElo "1912"]
[BlackElo "2324"]
[PlyCount "84"]
[EventDate "2024.11.26"]
[EventType "swiss (blitz)"]
[EventRounds "11"]
[EventCountry "USA"]
[SourceTitle "CB49_2024"]
[SourceDate "2024.12.04"]
[SourceVersion "1"]
[SourceVersionDate "2024.12.04"]
[SourceQuality "1"]

1. e4 c5 2. Nf3 e6 3. d4 cxd4 4. Nxd4 Nc6 5. Nc3 Qc7 6. Be3 a6 7. Be2 Nf6 8. 0-0 Be7 9. Nxc6 bxc6 10. Qd3 Rb8 11. b3 0-0 12. Rad1 d5 13. exd5 cxd5 14. Bf3 a5 15. a4 Bd7 16. Nb5 Bxb5 17. axb5 Rfc8 18. Rc1 Ba3 19. Ra1 Bb2 20. Ra2 Qc3 21. Qxc3 Bxc3 22. Be2 Ne4 23. Bd3 Nd6 24. b6 d4 25. Bf4 Rxb6 26. Ra4 f6 27. Bxd6 Rxd6 28. Rc4 Rxc4 29. Bxc4 Kf7 30. f3 Rb6 31. Kf2 Ke7 32. Ke2 Kd6 33. Kd3 e5 34. f4 Rb8 35. fxe5+ fxe5 36. Rf7 Re8 37. Ke4 Kc5 38. Rxg7 a4 39. Ra7 Rf8 40. Rxa4 Rf2 41. Kxe5 d3+ 42. Ke4 dxc2 0-1